000 00449nam a2200193Ia 4500
005 20250603145846.0
008 250603s9999 xx 000 0 und d
020 _a81-8281-089-2
050 _aHD 82 .J49/
100 _aJhingan, M. L.
245 4 _aThe economics of development and planning
250 _a41ed.
260 _aNew Delhi
260 _bVrinda Pub.
260 _c2007
300 _a689 p
650 _aNew Delhi
942 _cBK
999 _c43068
_d43068